First class service 1 : (Record no. 117483)
[ view plain ]
| 000 -LEADER | |
|---|---|
| fixed length control field | 00584nam a2200169Ia 4500 |
| 008 - FIXED-LENGTH DATA ELEMENTS--GENERAL INFORMATION | |
| fixed length control field | 140527s9999 xx 000 0 und d |
| 020 ## - INTERNATIONAL STANDARD BOOK NUMBER | |
| International Standard Book Number | 9789814392754 |
| 050 ## - LIBRARY OF CONGRESS CALL NUMBER | |
| Classification number | PE 1116 .T68 |
| Item number | .H174 2012 |
| 100 ## - MAIN ENTRY--PERSONAL NAME | |
| Personal name | Hall, Stephen. |
| 245 ## - TITLE STATEMENT | |
| Title | First class service 1 : |
| Remainder of title | English for the tourism and hospitality industry / |
| Statement of responsibility, etc | Stephen Hall, Troy Blappert, Christopher J. O'Brien |
| 260 ## - PUBLICATION, DISTRIBUTION, ETC. (IMPRINT) | |
| Place of publication, distribution, etc | Singapore : |
| Name of publisher, distributor, etc | Cengage Learning Asia Pte Ltd, |
| Date of publication, distribution, etc | c2012. |
| 300 ## - PHYSICAL DESCRIPTION | |
| Extent | 105 p. : |
| Other physical details | ill. ; |
| Dimensions | 23 cm. |
| 521 ## - TARGET AUDIENCE NOTE | |
| Target audience note | |
| 650 ## - SUBJECT ADDED ENTRY--TOPICAL TERM | |
| Topical term or geographic name as entry element | Hospitality industry |
| General subdivision | Terminology. |
| 942 ## - ADDED ENTRY ELEMENTS (KOHA) | |
| Call number prefix | Foreign |
| Koha item type | Books |
| Withdrawn status | Lost status | Damaged status | Home library | Current library | Shelving location | Date acquired | Total Checkouts | Full call number | Barcode | Date last seen | Date checked out | Price effective from | Koha item type |
|---|---|---|---|---|---|---|---|---|---|---|---|---|---|
| College Library | College Library | Reserve Section | 05/28/2014 | 1 | PE 1116.T68 .H174 2012 | C18091 | 05/15/2018 | 05/29/2015 | 05/28/2014 | Books |